Juvenopedia : mapeo de las juventudes iberoamericanas /
El presente libro pretende ser un mapeo de los estudios sobre las juventudes iberoamericanas, a manera de invitación de una Juvenopedia en construcción. Contiene esbozos de estudios etnográficos sobre diversos actores juveniles del siglo XXI en América Latina y la Península Ibérica, a cargo de inves...
Guardado en:
| Autor Principal: | |
|---|---|
| Otros Autores: | , , , , , , , , , , , , , , , , , , , , |
| Formato: | Libro |
| Idioma: | Undetermined |
| Publicado: |
Buenos Aires :
Océano,
2023.
|
| Edición: | 1a ed. |
| Series: | Formando docentes / INFoD
|
| Materias: | |
| Etiquetas: |
Agregar Etiqueta
Sin Etiquetas, Sea el primero en etiquetar este registro!
|
| LEADER | 03087nam a22005175a 4500 | ||
|---|---|---|---|
| 001 | CEM.cems020371 | ||
| 008 | 230822s2023####ag############000#0#und#d | ||
| 005 | 20230822185005.0 | ||
| 245 | 1 | 0 | |a Juvenopedia : |b mapeo de las juventudes iberoamericanas / |c Coordinado por Carles Feixa y Patricia Oliart. |
| 250 | |a 1a ed. | ||
| 260 | |a Buenos Aires : |b Océano, |c 2023. | ||
| 300 | |a 324 p. | ||
| 490 | 1 | |a Formando docentes / INFoD | |
| 500 | |a Edición especial para el Ministerio de Educación de la Nación. | ||
| 520 | |a El presente libro pretende ser un mapeo de los estudios sobre las juventudes iberoamericanas, a manera de invitación de una Juvenopedia en construcción. Contiene esbozos de estudios etnográficos sobre diversos actores juveniles del siglo XXI en América Latina y la Península Ibérica, a cargo de investigadores de varios países: jóvenes activistas, altermundistas, en masculino, en femenino, deportistas, digitales, grafiteros, indígenas, indignad@s, inmigrantes, obrer@s, pingüinos, raperos, rurales, urbanos, ¿violentos? jóvenes adjetivados y sin adjetivos, protagonistas de un presente en cuestión y de un futuro en construcción. | ||
| 505 | 0 | |a De jóvenes, mapas y astrolabios / Patricia Oliart y Carles Feixa -- Jóvenes activistas / Liliana Galindo -- Jóvenes altermundistas / Inés Pereira -- Jóvenes deportistas / Marco A. Coelho Bortoleto -- Jóvenes digitales / Germán Muñoz -- Jóvenes en femenino / Anna Berga -- Jóvenes en masculino / Klaudio Duarte -- Jóvenes estudiantes / Pedro Núñez -- Jóvenes grafiteros / Chandra Morrison -- Jóvenes indígenas / Maritza Urteaga -- Jóvenes indignad@s / Jordi Nofre, Ariadna Fernández, José Sánchez, Mauricio Perondi y Carles Feixa -- Jóvenes inmigrad@s / Joel Bevilaqua Marin -- Jóvenes obrer@s / Carmen L. Flores -- Jóvenes pingüin@s / Oscar Aguilera -- Jóvenes raper@s / Josep Cru -- Jóvenes rurales / Yanko González -- Jóvenes urban@s / Maricela Portillo -- ¿Jóvenes violent@s? / Rossana Reguillo | |
| 100 | 1 | |a Feixa, Carles. | |
| 700 | 1 | |a Oliart, Patricia. | |
| 700 | 1 | |a Galindo, Liliana. | |
| 700 | 1 | |a Pereira, Inés. | |
| 700 | 1 | |a Coelho Bortoleto, Marco A. | |
| 700 | 1 | |a Muñoz, Germán. | |
| 700 | 1 | |a Berga, Anna. | |
| 700 | 1 | |a Duarte, Klaudio. | |
| 700 | 1 | |a Núñez, Pedro. | |
| 700 | 1 | |a Morrison, Chandra. | |
| 700 | 1 | |a Urteaga, Maritza. | |
| 700 | 1 | |a Nofre, Jordi. | |
| 700 | 1 | |a Fernández, Ariadna. | |
| 700 | 1 | |a Sánchez, José. | |
| 700 | 1 | |a Perondi, Mauricio. | |
| 700 | 1 | |a Bevilaqua Marin, Joel. | |
| 700 | 1 | |a Flores, Carmen L. | |
| 700 | 1 | |a Aguilera, Oscar. | |
| 700 | 1 | |a Cru, Josep. | |
| 700 | 1 | |a González, Yanko. | |
| 700 | 1 | |a Portillo, Maricela. | |
| 700 | 1 | |a Reguillo, Rossana. | |
| 653 | |a Juventudes | ||
| 653 | |a Identidades | ||
| 653 | |a Jóvenes latinoamericanos | ||
| 653 | |a Jóvenes iberoamericanos | ||
| 653 | |a Nuevas juventudes | ||
| 653 | |a Cultura juven | ||
| 859 | |a CEMS |b BIB. CEMS - 11 de abril |h 305.23 |i F329 |p 29586.23 |t Ej.1 | ||
| 859 | |a CEMS |b BIB. CEMS - Ccias. Educacion |h 305.23 |i F329 |k CE |p 29587.23 |t Ej.2 | ||
